[Event "22nd ch-EUR Indiv 2022"]
[Site "Terme Catez SLO"]
[Date "2022.03.31"]
[Round "5.50"]
[White "Van Foreest, Lucas"]
[Black "Globus, Or"]
[Result "1-0"]
[WhiteTitle "GM"]
[BlackTitle "FM"]
[WhiteElo "2572"]
[BlackElo "2414"]
[WhiteFideId "1039792"]
[BlackFideId "2816776"]
[EventDate "2022.03.27"]

1. d4 Nf6 2. c4 e6 3. Nf3 d5 4. g3 Bb4+ 5. Bd2 a5 6. Qc2 c5 7. cxd5 cxd4 8. Nxd4
O-O 9. Bg2 Nxd5 10. O-O Qf6 11. Nf3 Nc6 12. Ng5 g6 13. Ne4 Qe7 14. Bh6 Rd8 15.
a3 Nd4 16. Qd3 Bc5 17. Nxc5 Nf5 18. Bd2 b6 19. Na4 Ba6 20. Qe4 Nf6 21. Bg5 1-0

[Event "22nd ch-EUR Indiv 2022"]
[Site "Terme Catez SLO"]
[Date "2022.03.31"]
[Round "5.51"]
[White "Petenyi, Tamas"]
[Black "Alonso Rosell, Alvar"]
[Result "1/2-1/2"]
[WhiteTitle "IM"]
[BlackTitle "GM"]
[WhiteElo "2451"]
[BlackElo "2565"]
[WhiteFideId "14909090"]
[BlackFideId "2270544"]
[EventDate "2022.03.27"]

1. e4 c6 2. Nc3 d5 3. Qe2 dxe4 4. Nxe4 Bf5 5. d3 e6 6. Bd2 Nd7 7. g4 Bxe4 8.
dxe4 Bd6 9. O-O-O Qc7 10. Nh3 e5 11. Qf3 Nc5 12. Bc4 Nf6 13. Bb4 Ncxe4 14. g5
Bxb4 15. gxf6 Nxf6 16. Rhg1 Rd8 17. Rxd8+ Qxd8 18. c3 e4 19. Qf5 g6 20. Qe5+ Be7
21. Rd1 Qc8 22. Ng5 Rf8 23. Nxe4 Nxe4 24. Qxe4 Qc7 25. h3 f5 26. Qe3 Rf6 27. Kc2
Rd6 28. Re1 b5 29. Be6 Kd8 30. Qh6 Qb6 31. Re2 c5 32. Bf7 Rd7 33. Be6 Rd6 34.
Bf7 Rd7 35. Be6 Rd6 1/2-1/2

[Event "22nd ch-EUR Indiv 2022"]
[Site "Terme Catez SLO"]
[Date "2022.03.31"]
[Round "5.52"]
[White "Parkhov, Yair"]
[Black "Georgiev, Kiril"]
[Result "1-0"]
[WhiteTitle "IM"]
[BlackTitle "GM"]
[WhiteElo "2450"]
[BlackElo "2564"]
[WhiteFideId "2813408"]
[BlackFideId "2900017"]
[EventDate "2022.03.27"]

1. d4 Nf6 2. c4 e6 3. Nc3 Bb4 4. e3 O-O 5. Bd3 d5 6. a3 Bxc3+ 7. bxc3 dxc4 8.
Bxc4 c5 9. Nf3 Qc7 10. Be2 b6 11. Bb2 Ba6 12. Bxa6 Nxa6 13. O-O Rac8 14. Qe2 Nb8
15. Rac1 cxd4 16. cxd4 Qb7 17. a4 Rxc1 18. Rxc1 Rc8 19. Rxc8+ Qxc8 20. Ne5 Nbd7
21. Qc4 Qxc4 22. Nxc4 Nd5 23. Kf1 f6 24. e4 Nc7 25. Nd6 a6 26. Bc3 Nb8 27. Nc8
Nd7 28. Ke2 Kf7 29. g4 e5 30. d5 Nc5 31. Nxb6 Nxe4 32. Bb4 h5 33. f3 Ng5 34.
gxh5 Ke8 35. Bd6 Kd8 36. Bf8 Nh3 37. Kd3 Nf4+ 38. Kc4 Nxh5 39. Kc5 Nf4 40. Kc6
Ne8 41. Bc5 Nd3 42. Nd7 f5 43. d6 e4 44. fxe4 fxe4 45. Bb6+ Kc8 46. Ba5 Nf6 47.
Nb6+ Kd8 48. Nd5+ Kc8 49. d7+ Nxd7 50. Ne7+ Kb8 51. Kxd7 Ne5+ 52. Ke8 Nf3 53. h3
e3 54. Nf5 g5 55. Nxe3 Ng1 56. Kd7 Kb7 57. Nf5 Nxh3 58. Nd6+ Ka7 59. Bd8 g4 60.
a5 g3 61. Kc8 Nf4 62. Nc4 Nd5 63. Bb6+ Ka8 64. Bc5 Ne7+ 65. Bxe7 g2 66. Nb6+ Ka7
67. Bd6 1-0

[Event "22nd ch-EUR Indiv 2022"]
[Site "Terme Catez SLO"]
[Date "2022.03.31"]
[Round "5.53"]
[White "Godena, Michele"]
[Black "Meshkovs, Nikita"]
[Result "1-0"]
[WhiteTitle "GM"]
[BlackTitle "GM"]
[WhiteElo "2442"]
[BlackElo "2561"]
[WhiteFideId "800090"]
[BlackFideId "11602740"]
[EventDate "2022.03.27"]

1. e4 c5 2. c3 d5 3. exd5 Nf6 4. d4 Nxd5 5. dxc5 e6 6. Nf3 Bxc5 7. Bc4 O-O 8.
O-O Nc6 9. Nbd2 Be7 10. Re1 Qc7 11. Bxd5 exd5 12. Nb3 Rd8 13. Bg5 Bxg5 14. Nxg5
Bf5 15. Nd4 Bg6 16. Ngf3 Na5 17. Re2 Nc4 18. Qe1 Qb6 19. b3 Nd6 20. Ne5 Be4 21.
f3 Bg6 22. Qd2 a5 23. Rae1 a4 24. Kh1 axb3 25. axb3 Nb5 26. Nxb5 Qxb5 27. b4 Re8
28. h3 Bf5 29. Qf4 Be6 30. Qd4 h6 31. Nd3 Ra6 32. Nf4 Qc4 33. Nxd5 Qxd4 34. cxd4
Ra4 35. Nc3 Ra3 36. Nb5 Rd3 37. d5 Rxd5 38. Nc7 Red8 39. Nxd5 Rxd5 40. Re5 Rd6
41. h4 Bc4 42. b5 g6 43. Rc1 Be6 44. Rc7 Rb6 45. Kg1 Kf8 46. Kf2 Ke8 47. Ke3 Kd8
48. Rc2 Ke7 49. Rd2 Kf6 50. f4 Ke7 51. Kd4 f6 52. Kc5 Rxb5+ 53. Kxb5 fxe5 54.
fxe5 g5 55. hxg5 hxg5 56. Rd6 Bd7+ 57. Kc5 Bc6 58. g3 Be4 59. Kd4 Bf3 60. Rg6 g4
61. Rd6 b5 62. Ke3 Bg2 63. Kf4 Bf3 64. Kf5 1-0

[Event "22nd ch-EUR Indiv 2022"]
[Site "Terme Catez SLO"]
[Date "2022.03.31"]
[Round "5.54"]
[White "Tratar, Marko"]
[Black "Blomqvist, Erik"]
[Result "1/2-1/2"]
[WhiteTitle "GM"]
[BlackTitle "GM"]
[WhiteElo "2417"]
[BlackElo "2542"]
[WhiteFideId "14600684"]
[BlackFideId "1709437"]
[EventDate "2022.03.27"]

1. d4 d5 2. c4 e6 3. Nc3 Bb4 4. e3 Nf6 5. Bd3 O-O 6. Ne2 c5 7. cxd5 cxd4 8. exd4
Nxd5 9. O-O Nc6 10. Nxd5 exd5 11. Nf4 Bd6 12. Re1 Re8 13. Rxe8+ Qxe8 14. Be3 Be6
15. Nxe6 1/2-1/2

[Event "22nd ch-EUR Indiv 2022"]
[Site "Terme Catez SLO"]
[Date "2022.03.31"]
[Round "5.55"]
[White "Injac, Teodora"]
[Black "Dardha, Daniel"]
[Result "1/2-1/2"]
[WhiteTitle "WGM"]
[BlackTitle "GM"]
[WhiteElo "2407"]
[BlackElo "2540"]
[WhiteFideId "932400"]
[BlackFideId "240990"]
[EventDate "2022.03.27"]

1. Nf3 d5 2. g3 g6 3. Bg2 Bg7 4. d4 Nh6 5. O-O Nf5 6. c3 O-O 7. Nbd2 Nd6 8. a4
Nd7 9. a5 c6 10. Re1 Nf6 11. Ne5 Qc7 12. c4 Ng4 13. cxd5 cxd5 14. Nxg4 Bxg4 15.
Nb3 Bf5 16. Bf4 Bc2 17. Qc1 Rac8 18. Nc5 Bxd4 19. Qxc2 Qxc5 20. Qxc5 Rxc5 21.
Bxd6 exd6 22. Red1 Be5 23. Bxd5 Rc2 1/2-1/2

[Event "22nd ch-EUR Indiv 2022"]
[Site "Terme Catez SLO"]
[Date "2022.03.31"]
[Round "5.56"]
[White "Muradli, Mahammad"]
[Black "Kramer, Julian"]
[Result "1-0"]
[WhiteTitle "IM"]
[BlackTitle "IM"]
[WhiteElo "2537"]
[BlackElo "2423"]
[WhiteFideId "13409301"]
[BlackFideId "12921742"]
[EventDate "2022.03.27"]

1. d4 Nf6 2. c4 g6 3. h4 Bg7 4. Nc3 d5 5. h5 O-O 6. hxg6 hxg6 7. Bh6 Bxh6 8.
Rxh6 Kg7 9. Qd2 c6 10. Nf3 Bf5 11. Ng5 Rh8 12. Rxh8 Qxh8 13. O-O-O b5 14. f3
bxc4 15. e4 Be6 16. g4 Nh7 17. Nxh7 Qxh7 18. Bg2 Kg8 19. f4 dxe4 20. Rh1 Qg7 21.
Bxe4 Nd7 22. Bxc6 Rd8 23. f5 Ne5 24. Be4 Rxd4 25. Qxd4 Nd3+ 26. Qxd3 cxd3 27.
fxe6 Qd4 28. Rf1 Qe3+ 29. Kb1 f5 30. gxf5 g5 31. f6 exf6 32. e7 Kf7 33. Rxf6+
Kxf6 34. Nd5+ 1-0

[Event "22nd ch-EUR Indiv 2022"]
[Site "Terme Catez SLO"]
[Date "2022.03.31"]
[Round "5.57"]
[White "Kozak, Adam"]
[Black "Krastev, Alexander"]
[Result "1/2-1/2"]
[WhiteTitle "GM"]
[BlackTitle "FM"]
[WhiteElo "2525"]
[BlackElo "2409"]
[WhiteFideId "753246"]
[BlackFideId "12989983"]
[EventDate "2022.03.27"]

1. Nf3 c5 2. b3 Nf6 3. Bb2 e6 4. g3 b6 5. Bg2 Bb7 6. O-O Be7 7. c4 O-O 8. d4
cxd4 9. Qxd4 Nc6 10. Qf4 Qb8 11. Qc1 d5 12. Na3 Rc8 13. Rd1 a6 14. cxd5 Nxd5 15.
Qd2 b5 16. Nc2 Bf6 17. Bxf6 Nxf6 18. Rac1 Ne7 19. Ne3 h6 20. Rxc8+ Qxc8 21. Rc1
Qd8 22. Qxd8+ Rxd8 23. Ne5 Bxg2 24. Kxg2 Rc8 25. Rxc8+ Nxc8 26. f3 Kf8 27. Kf2
Ke7 28. Ke1 Nd7 29. Nd3 Kd6 30. Kd2 Ne7 31. Kc3 Nc6 32. Nb4 Ndb8 33. Nec2 Kc5
34. Nd3+ Kd6 35. Ncb4 Nxb4 36. Nxb4 a5 37. Nd3 Nd7 38. Kd4 e5+ 39. Kc3 1/2-1/2

[Event "22nd ch-EUR Indiv 2022"]
[Site "Terme Catez SLO"]
[Date "2022.03.31"]
[Round "5.58"]
[White "Valsecchi, Alessio"]
[Black "Dobrovoljc, Vid"]
[Result "1-0"]
[WhiteTitle "GM"]
[BlackTitle "FM"]
[WhiteElo "2524"]
[BlackElo "2406"]
[WhiteFideId "818860"]
[BlackFideId "14609843"]
[EventDate "2022.03.27"]

1. e4 e5 2. Nf3 Nc6 3. Bb5 Nf6 4. d3 Bc5 5. Bxc6 dxc6 6. Nbd2 Be6 7. O-O Nd7 8.
Nb3 Bb6 9. Ng5 Bxb3 10. axb3 f6 11. Nf3 Nf8 12. Nh4 Qd7 13. Be3 Rd8 14. Bxb6
axb6 15. Ra7 Ne6 16. Qh5+ Qf7 17. Qxf7+ Kxf7 18. Nf5 Ra8 19. Rfa1 Rab8 20. g3
Rhd8 21. Kg2 g6 22. Ne3 Kg7 23. R7a3 b5 24. Ra7 Rf8 25. f3 h5 26. b4 Rfd8 27.
R1a3 Rd4 28. Rb3 Rdd8 29. Kf2 Kh6 30. Rba3 Rd4 31. Ra8 Rxa8 32. Rxa8 Rxb4 33.
Re8 Nc5 34. b3 Rd4 35. f4 exf4 36. gxf4 f5 37. exf5 Rxf4+ 38. Kg3 Rd4 39. h4 Kg7
40. Re5 Nd7 41. Re7+ Kf8 42. Rh7 gxf5 43. Nxf5 Rg4+ 44. Kh3 Rf4 45. Rxh5 Nf6 46.
Rg5 Rf2 47. Nd4 Kf7 48. Kg3 Rf1 49. Rf5 Rg1+ 50. Kf2 Rc1 51. Kg2 Kg6 52. Rg5+
Kh6 53. Kf3 Nd5 54. Nf5+ Kh7 55. c4 Nb4 56. Rg7+ Kh8 57. Rxc7 Rc3 58. h5 bxc4
59. bxc4 Nxd3 60. Rc8+ Kh7 61. Ke4 Nf2+ 62. Kd4 Rh3 63. Rc7+ Kh8 64. h6 Ng4 65.
Rxb7 Rh5 66. Ke4 Nxh6 67. Nxh6 Rxh6 68. Ke5 Kg8 69. Re7 Kf8 70. Re6 Rh5+ 71. Kd6
c5 72. Re1 Rg5 73. Re4 Kf7 74. Re7+ Kf8 75. Rc7 Rg6+ 76. Kxc5 Ke8 77. Rc6 Rg5+
78. Kb6 Kd7 79. c5 Rg1 80. Rc7+ Kd8 81. Rh7 Rb1+ 82. Kc6 Rc1 83. Rh8+ Ke7 84.
Rc8 Rb1 85. Kc7 Ra1 86. c6 Ke6 87. Rh8 Ke7 88. Rh2 Re1 89. Rb2 Re6 90. Kb7 Kd6
91. c7 1-0

[Event "22nd ch-EUR Indiv 2022"]
[Site "Terme Catez SLO"]
[Date "2022.03.31"]
[Round "5.59"]
[White "Budisavljevic, Luka"]
[Black "Golubka, Petro"]
[Result "1-0"]
[WhiteTitle "GM"]
[BlackTitle "GM"]
[WhiteElo "2519"]
[BlackElo "2401"]
[WhiteFideId "960047"]
[BlackFideId "14114224"]
[EventDate "2022.03.27"]

1. d4 Nf6 2. c4 c5 3. d5 b5 4. cxb5 a6 5. bxa6 g6 6. Nc3 Bg7 7. e4 O-O 8. a7
Rxa7 9. Nf3 d6 10. Be2 Bg4 11. O-O Nbd7 12. a4 Ne8 13. Nb5 Ra8 14. Qc2 Nc7 15.
Ra3 Na6 16. Bg5 Nb4 17. Qd2 Nf6 18. Nc3 Qa5 19. Rc1 Rfd8 20. Qe3 Rac8 21. Bb5
Bxf3 22. Qxf3 c4 23. Qe2 Nd3 24. Rb1 h5 25. Nd1 Rc5 26. Bd2 Qa8 27. Be3 Rcc8 28.
Bb6 Rf8 29. b3 Nf4 30. Qf3 N4xd5 31. exd5 Nxd5 32. Bd7 Rb8 33. Be3 c3 34. Rc1 e6
35. Qe2 Qa5 36. Bb5 Rfc8 37. Bc4 Qb4 38. Ra2 Qa5 39. Rac2 Nxe3 40. fxe3 d5 41.
Bb5 Qb4 42. Rb1 e5 43. e4 d4 44. Nf2 Bh6 45. Nd3 Qd6 46. Rf1 Kg7 47. Qf3 Rc7 48.
Qg3 f6 49. Kh1 Bd2 50. Bc4 Qb6 51. Bd5 Qa6 52. Qf3 Rf8 53. Nxe5 Qxf1+ 54. Qxf1
fxe5 55. Qe2 h4 56. Bc4 Be3 57. Qd3 Rc6 58. a5 Rcf6 59. a6 Rf2 60. a7 Rd2 61.
Rxd2 cxd2 62. b4 Ra8 63. Bb3 Rxa7 64. Bd1 Ra1 65. Qb3 d3 66. h3 Bf2 67. g4 g5
68. Kg2 Bd4 69. b5 Rc1 70. b6 Bxb6 71. Qxb6 Rxd1 72. Qc7+ Kh6 73. Qd6+ Kh7 74.
Qe7+ Kh6 75. Qf6+ Kh7 76. Qf7+ Kh6 77. Qh5+ Kg7 78. Qxg5+ Kf7 79. Qf5+ Kg8 80.
Qe6+ Kh7 81. Qd7+ Kg8 82. Qxd3 1-0

[Event "22nd ch-EUR Indiv 2022"]
[Site "Terme Catez SLO"]
[Date "2022.03.31"]
[Round "5.60"]
[White "Buksa, Nataliya"]
[Black "Nasuta, Grzegorz"]
[Result "0-1"]
[WhiteTitle "IM"]
[BlackTitle "GM"]
[WhiteElo "2401"]
[BlackElo "2518"]
[WhiteFideId "14123622"]
[BlackFideId "1141686"]
[EventDate "2022.03.27"]

1. e4 c5 2. Nf3 d6 3. d4 cxd4 4. Nxd4 Nf6 5. Nc3 a6 6. Bg5 Nbd7 7. Bc4 Qb6 8.
Bb3 e6 9. a4 Qa5 10. Bxf6 Nxf6 11. Qd2 Nd7 12. f4 Nc5 13. O-O-O Bd7 14. f5 O-O-O
15. fxe6 fxe6 16. Kb1 Kb8 17. Qe3 Be7 18. Qg3 Nxb3 19. Nxb3 Qe5 20. Qe3 Rc8 21.
Nd2 Rc7 22. Nf3 Qa5 23. Qd4 Bf6 24. e5 dxe5 25. Qd6 e4 26. b4 Qf5 27. Nd4 Qe5
28. Qxe5 Bxe5 29. Nxe4 Rc4 30. Nb3 Bxa4 31. Nec5 Rxb4 32. Ka2 Rc4 33. Ka3 Bc6
34. Rhe1 Bc3 35. Nxe6 Ra4# 0-1

[Event "22nd ch-EUR Indiv 2022"]
[Site "Terme Catez SLO"]
[Date "2022.03.31"]
[Round "5.61"]
[White "Rozen, Eytan"]
[Black "Noe, Christopher"]
[Result "1/2-1/2"]
[WhiteTitle "IM"]
[BlackTitle "IM"]
[WhiteElo "2398"]
[BlackElo "2515"]
[WhiteFideId "2816750"]
[BlackFideId "24692018"]
[EventDate "2022.03.27"]

1. c4 Nf6 2. Nc3 e6 3. e4 c5 4. e5 Ng8 5. d4 cxd4 6. Qxd4 Nc6 7. Qe4 d6 8. Nf3
dxe5 9. Nxe5 Bd7 10. Nxd7 Qxd7 11. Bg5 Bb4 12. Rd1 Bxc3+ 13. bxc3 Qc7 14. Be2
Nf6 15. Qf3 Nd7 16. O-O O-O 17. Bf4 Nde5 18. Qe3 Rad8 19. c5 Rd5 20. Rxd5 exd5
21. Rd1 Rd8 22. Bxe5 Nxe5 23. f4 Ng6 24. g3 Ne7 25. Bf3 g6 26. Kh1 Rc8 27. Bxd5
Qxc5 28. Qxc5 Rxc5 29. Bxb7 Rxc3 30. Rd2 Ra3 31. Kg1 h5 32. Kf2 Kg7 33. Bf3 a5
34. Be4 Nf5 35. Bxf5 1/2-1/2

[Event "22nd ch-EUR Indiv 2022"]
[Site "Terme Catez SLO"]
[Date "2022.03.31"]
[Round "5.62"]
[White "Levin, Guy"]
[Black "Kobo, Ori"]
[Result "0-1"]
[WhiteTitle "FM"]
[BlackTitle "GM"]
[WhiteElo "2332"]
[BlackElo "2510"]
[WhiteFideId "2824213"]
[BlackFideId "2812320"]
[EventDate "2022.03.27"]

1. c4 d6 2. Nc3 e5 3. g3 f5 4. Nf3 Nf6 5. d4 e4 6. Nh4 c6 7. Bg5 Be7 8. e3 Na6
9. Ng2 Nc7 10. Nf4 Ne6 11. Nxe6 Bxe6 12. Be2 O-O 13. O-O h6 14. Bxf6 Bxf6 15.
Qd2 Qe7 16. Rad1 Bf7 17. b3 Rae8 18. Rde1 h5 19. h4 Bxh4 20. gxh4 Qxh4 21. d5
Be6 22. f4 Qg3+ 23. Kh1 Qh3+ 24. Kg1 Rf6 25. Bxh5 Qxh5 26. Re2 Rg6+ 27. Rg2 cxd5
28. cxd5 Bd7 29. Rxg6 Qxg6+ 30. Qg2 Qf6 31. Rc1 Rc8 32. Qd2 Kf7 33. Rc2 Rh8 34.
Qe1 Rc8 35. Rc1 Qg6+ 36. Kf2 Qh5 37. Qe2 Qh4+ 38. Kg2 Rh8 39. Rg1 g5 40. Kf1
Qh3+ 41. Qg2 Qxe3 42. Qxg5 Qf3+ 0-1

[Event "22nd ch-EUR Indiv 2022"]
[Site "Terme Catez SLO"]
[Date "2022.03.31"]
[Round "5.63"]
[White "Easwaralingam, Adesh"]
[Black "Sebenik, Matej"]
[Result "0-1"]
[BlackTitle "GM"]
[WhiteElo "2069"]
[BlackElo "2510"]
[WhiteFideId "1448552"]
[BlackFideId "14602296"]
[EventDate "2022.03.27"]

1. e4 e6 2. d4 d5 3. e5 c5 4. c3 Nc6 5. Nf3 Qb6 6. Bd3 cxd4 7. O-O Bd7 8. Re1
Nge7 9. h4 a6 10. Nbd2 dxc3 11. bxc3 Ng6 12. Nb3 Qc7 13. Qe2 f6 14. c4 fxe5 15.
Bxg6+ hxg6 16. cxd5 exd5 17. Nxe5 Nxe5 18. Bf4 Bd6 19. Bxe5 Bxe5 20. Qxe5+ Qxe5
21. Re3 Qe4 22. Rxe4+ Kf7 23. Re5 Be6 24. Rxd5 Rhf8 25. Rd4 Rfd8 26. Rxd8 Rxd8
27. Nc5 Bc8 28. a4 b6 29. Ne4 Ke7 30. f3 Bf5 31. Rb1 Bxe4 32. fxe4 Rb8 33. Kf2
b5 34. axb5 axb5 35. Ke3 b4 36. Rb3 Ke6 37. Kd4 Rb7 38. g3 Kd6 39. e5+ Ke6 40.
Ke4 Rb8 41. Kf4 Rb6 42. Ke4 Rb5 43. Kf4 Rb6 44. Ke4 g5 45. hxg5 Rb5 46. Kf4 g6
47. g4 Rb6 48. Ke4 Rb8 49. Kd4 Rb5 50. Rb2 b3 51. Kc4 Rb8 52. Kd4 Rb7 53. Ke4
Rb4+ 54. Kf3 Kxe5 55. Kg3 Kd4 56. Rb1 Kd3 57. Kh4 b2 0-1

[Event "22nd ch-EUR Indiv 2022"]
[Site "Terme Catez SLO"]
[Date "2022.03.31"]
[Round "5.64"]
[White "Blohberger, Felix"]
[Black "Wachinger, Nikolas"]
[Result "1-0"]
[WhiteTitle "GM"]
[WhiteElo "2504"]
[BlackElo "2376"]
[WhiteFideId "1632051"]
[BlackFideId "12962791"]
[EventDate "2022.03.27"]

1. e4 c5 2. Nf3 d6 3. d4 cxd4 4. Nxd4 Nf6 5. Nc3 a6 6. f3 e5 7. Nb3 Be7 8. Be3
Be6 9. Qd2 h5 10. Nd5 Nxd5 11. exd5 Bf5 12. Be2 a5 13. a4 O-O 14. O-O Nd7 15. f4
exf4 16. Bxf4 Rc8 17. c3 Nf6 18. Nd4 Be4 19. c4 Bg6 20. Bd3 Qb6 21. Bxg6 fxg6
22. b3 Ng4 23. h3 g5 24. Rae1 Bf6 25. hxg4 Bxd4+ 26. Be3 Rxf1+ 27. Kxf1 Rf8+ 28.
Kg1 Bxe3+ 29. Qxe3 Qxe3+ 30. Rxe3 h4 31. Re7 Rf7 32. Re8+ Rf8 33. Rxf8+ Kxf8 34.
Kf2 b6 35. Ke3 Ke7 36. Ke4 Kf6 37. Kd4 Ke7 38. Kc3 Kf6 39. b4 axb4+ 40. Kxb4 Ke5
41. a5 1-0

[Event "22nd ch-EUR Indiv 2022"]
[Site "Terme Catez SLO"]
[Date "2022.03.31"]
[Round "5.65"]
[White "Ragger, Markus"]
[Black "Laptii, Nazar"]
[Result "1-0"]
[WhiteTitle "GM"]
[WhiteElo "2647"]
[BlackElo "2180"]
[WhiteFideId "1610856"]
[BlackFideId "14174332"]
[EventDate "2022.03.27"]

1. e4 c5 2. Nf3 d6 3. d4 cxd4 4. Nxd4 Nf6 5. Nc3 a6 6. Be3 e5 7. Nf3 Be7 8. Bc4
O-O 9. O-O Be6 10. Bb3 h6 11. Nh4 Nxe4 12. Nxe4 Bxh4 13. Bxe6 fxe6 14. Nxd6 Be7
15. Nc4 Qxd1 16. Raxd1 Nc6 17. Rd7 b5 18. Nxe5 Nxe5 19. Rxe7 Rfe8 20. Rxe8+ Rxe8
21. Rd1 Rc8 22. c3 Nc4 23. Bc1 Rc7 24. Kf1 Kf7 25. Rd8 Rb7 26. Ra8 Rb6 27. Ke2
Rc6 28. b3 Nd6 29. Kd3 e5 30. Ba3 Nc8 31. Rb8 g6 32. Rb7+ Ke6 33. g4 Nb6 34. Bc1
Nd5 35. Bd2 Nf6 36. Rg7 g5 37. Rg6 e4+ 38. Ke2 Kf7 39. Rxh6 Rc5 40. Be3 Rd5 41.
Bd4 Nxg4 42. Rxa6 b4 43. h3 bxc3 44. Bxc3 Nh2 45. Ra4 1-0

[Event "22nd ch-EUR Indiv 2022"]
[Site "Terme Catez SLO"]
[Date "2022.03.31"]
[Round "5.66"]
[White "Juksta, Karolis"]
[Black "Moiseenko, Alexander"]
[Result "1/2-1/2"]
[WhiteTitle "FM"]
[BlackTitle "GM"]
[WhiteElo "2378"]
[BlackElo "2602"]
[WhiteFideId "12809039"]
[BlackFideId "14102560"]
[EventDate "2022.03.27"]

1. d4 Nf6 2. c4 e6 3. Nc3 Bb4 4. a3 Bxc3+ 5. bxc3 Nc6 6. f3 b6 7. e4 Ba6 8. Bd3
Na5 9. Qe2 Nb3 10. Rb1 Nxc1 11. Rxc1 d6 12. f4 e5 13. Nf3 Nd7 14. O-O O-O 15. c5
Bxd3 16. Qxd3 exd4 17. cxb6 Nc5 18. bxc7 Qe7 19. Qc4 d3 20. Nd2 Rac8 21. f5 Qxc7
22. f6 Rfe8 23. fxg7 Nxe4 24. Qxc7 Rxc7 25. Nxe4 Rxe4 26. Rfd1 Re3 27. Rd2 Kxg7
28. Kf2 Rce7 29. Rcd1 Re2+ 30. Kf1 R7e6 31. Rxd3 Ra2 32. R1d2 Rf6+ 33. Ke2 Rxa3
34. Rxd6 Rxc3 35. Rxf6 Kxf6 36. Rd6+ Ke7 37. Ra6 Rc7 38. Kf3 Kd8 39. Kf4 Kc8 40.
Ra2 Kb7 41. Kg5 Kb6 42. Rb2+ Kc5 43. Rc2+ Kd6 44. Ra2 Ke5 45. Ra5+ Kd4 46. Kh6
f6 47. Rf5 Rf7 48. g4 Ke4 49. h4 a6 1/2-1/2

[Event "22nd ch-EUR Indiv 2022"]
[Site "Terme Catez SLO"]
[Date "2022.03.31"]
[Round "5.67"]
[White "Santos Ruiz, Miguel"]
[Black "Koelle, Tobias"]
[Result "1/2-1/2"]
[WhiteTitle "GM"]
[BlackTitle "FM"]
[WhiteElo "2597"]
[BlackElo "2378"]
[WhiteFideId "22291482"]
[BlackFideId "16207378"]
[EventDate "2022.03.27"]

1. e4 c5 2. Nf3 Nc6 3. d4 cxd4 4. Nxd4 e5 5. Nb5 d6 6. c4 Be6 7. Bd3 g6 8. O-O
Nf6 9. N5c3 Nd7 10. Nd5 Bxd5 11. exd5 Ne7 12. Nc3 Bg7 13. Be3 O-O 14. Rc1 f5 15.
f3 b6 16. b4 Kh8 17. Qd2 Nf6 18. Be2 f4 19. Bf2 Nf5 20. Bd3 Bh6 21. Rfe1 Ne3 22.
Nd1 a5 23. Nxe3 fxe3 24. Bxe3 Bxe3+ 25. Rxe3 axb4 26. Rb1 b5 27. Rxb4 bxc4 28.
Bxc4 Qa5 29. Rb2 Qa7 30. h3 Rfc8 31. Bb3 Rc5 32. Kh2 Rac8 33. Rb1 Qa5 34. Qe1
Qxe1 35. Rbxe1 Kg7 36. h4 Rb5 37. g3 Rb4 38. Rd1 Nd7 39. f4 Nf6 40. Kh3 exf4 41.
Re7+ Kg8 42. Rd3 Ne4 43. a3 Nf2+ 44. Kg2 Nxd3 45. axb4 Rc3 46. Bd1 fxg3 47. Re4
Rc1 48. Be2 Rc2 49. Kxg3 Nxb4 50. Rxb4 Rxe2 1/2-1/2

[Event "22nd ch-EUR Indiv 2022"]
[Site "Terme Catez SLO"]
[Date "2022.03.31"]
[Round "5.68"]
[White "Roseneck, Jonas"]
[Black "Stevic, Hrvoje"]
[Result "1/2-1/2"]
[WhiteTitle "FM"]
[BlackTitle "GM"]
[WhiteElo "2376"]
[BlackElo "2587"]
[WhiteFideId "12939870"]
[BlackFideId "14502569"]
[EventDate "2022.03.27"]

1. c4 e5 2. Nc3 Nc6 3. Nf3 Nf6 4. e3 Bb4 5. Qc2 O-O 6. Nd5 Re8 7. Qf5 d6 8.
Nxf6+ gxf6 9. Qh5 d5 10. Be2 e4 11. cxd5 exf3 12. dxc6 fxe2 13. cxb7 Bxb7 14.
Qg4+ Kh8 15. Qxb4 Qd5 16. Rg1 Rad8 17. Qf4 Re6 18. f3 Ba6 19. Kf2 Qe5 20. Qxe5
fxe5 21. b4 Bc4 22. d4 Rb6 23. a3 a5 24. Bd2 axb4 25. Rgc1 Rc6 26. axb4 exd4 27.
exd4 f6 28. b5 Bxb5 29. Rxc6 Bxc6 30. Kxe2 Rxd4 31. Bc3 Rd6 32. Ra7 Bb5+ 33. Kf2
Rc6 34. Ba5 1/2-1/2

[Event "22nd ch-EUR Indiv 2022"]
[Site "Terme Catez SLO"]
[Date "2022.03.31"]
[Round "5.69"]
[White "David, Alberto"]
[Black "Tomazini, Zan"]
[Result "1/2-1/2"]
[WhiteTitle "GM"]
[BlackTitle "IM"]
[WhiteElo "2545"]
[BlackElo "2376"]
[WhiteFideId "4000013"]
[BlackFideId "14608162"]
[EventDate "2022.03.27"]

1. d4 Nf6 2. Nf3 g6 3. c4 Bg7 4. Nc3 O-O 5. e4 d6 6. h3 e5 7. d5 a5 8. g4 Na6 9.
Be3 Nd7 10. a3 Nb6 11. Rg1 Bd7 12. h4 Nc5 13. a4 h6 14. h5 g5 15. Nd2 c6 16. Be2
Qe8 17. b3 Rc8 18. Nf1 Na8 19. Ng3 Nc7 20. Ra2 N7a6 21. Rd2 Qd8 22. Kf1 Qc7 23.
Kg2 Rfd8 24. Qb1 Qb6 25. Rb2 Rb8 26. Rd1 Qc7 27. Kh3 Bf8 28. Rdd2 Bc8 29. Qh1
Qe7 30. Qf3 Bg7 31. Rb1 Qf6 32. Qh1 Qe7 33. Bf3 Bf8 34. Bg2 Qc7 35. Qd1 Qe7 36.
Nf5 Qf6 37. Re2 Kh7 38. Rbb2 Kg8 39. Rbd2 Kh7 40. Qb1 Kg8 41. Re1 Bxf5 42. exf5
Rdc8 43. Be4 Qg7 44. Red1 f6 45. Bf3 Qc7 46. Kh2 Kg7 47. Rb2 Be7 48. Rdd2 Rd8
49. Ne4 Nxe4 50. Qxe4 c5 51. Bg2 Rf8 52. Re2 Rf7 53. Bd2 Rbf8 54. Bc3 Bd8 1/2-1/2

[Event "22nd ch-EUR Indiv 2022"]
[Site "Terme Catez SLO"]
[Date "2022.03.31"]
[Round "5.70"]
[White "Gumularz, Szymon"]
[Black "Manca, Federico"]
[Result "1-0"]
[WhiteTitle "GM"]
[BlackTitle "IM"]
[WhiteElo "2539"]
[BlackElo "2370"]
[WhiteFideId "1188062"]
[BlackFideId "800171"]
[EventDate "2022.03.27"]

1. d4 d5 2. Nf3 c5 3. c4 e6 4. cxd5 exd5 5. g3 Nc6 6. Bg2 Nf6 7. O-O Be7 8. dxc5
Bxc5 9. a3 a5 10. Qc2 Ba7 11. Nc3 O-O 12. Bg5 Be6 13. Rad1 Rc8 14. Qb1 Re8 15.
e4 d4 16. e5 Qb6 17. Bxf6 dxc3 18. Ng5 g6 19. bxc3 Bc4 20. Qxb6 Bxb6 21. Rfe1
Bc5 22. Ne4 Bxa3 23. Nd6 Bb3 24. Ra1 Bxd6 25. exd6 Re6 26. d7 Rf8 27. Rxe6 Bxe6
28. Bxc6 1-0